Alternative fuel in the nineties sp-876 sp-876 (Record no. 579774)
[ view plain ]
| 000 -LEADER | |
|---|---|
| fixed length control field | 00746nam a22001817a 4500 |
| 003 - CONTROL NUMBER IDENTIFIER | |
| control field | CEME |
| 005 - DATE AND TIME OF LATEST TRANSACTION | |
| control field | 20210628205147.0 |
| 008 - FIXED-LENGTH DATA ELEMENTS--GENERAL INFORMATION | |
| fixed length control field | 210301b xxu||||| |||| 00| 0 eng d |
| 020 ## - INTERNATIONAL STANDARD BOOK NUMBER | |
| International Standard Book Number | 1-56091-159-X |
| 040 ## - CATALOGING SOURCE | |
| Transcribing agency | . |
| 082 ## - DEWEY DECIMAL CLASSIFICATION NUMBER | |
| Classification number | 629.2-SAE ALT |
| 100 ## - MAIN ENTRY--PERSONAL NAME | |
| Personal name | Sae |
| 9 (RLIN) | 5223 |
| 245 ## - TITLE STATEMENT | |
| Title | Alternative fuel in the nineties sp-876 sp-876 |
| 260 ## - PUBLICATION, DISTRIBUTION, ETC. | |
| Place of publication, distribution, etc. | USA |
| Name of publisher, distributor, etc. | SAE |
| Date of publication, distribution, etc. | 1991 |
| 300 ## - PHYSICAL DESCRIPTION | |
| Extent | 83P |
| 650 ## - SUBJECT ADDED ENTRY--TOPICAL TERM | |
| Topical term or geographic name entry element | GASOLINE VAN 1-10 DDC'S PRODUCTION 6V 92TA METHANOL BUS ENGINE 11-16 ELECTRIC VEHICLE 17-24 BATTERY TECHNOLOGIES 25-34 LNG VEHICLE DEMONSTRATION PROJECTS 35-42 NATURAL GAS CONVERSION SYSTEMS FOR HEAVY DUTY TRUCK ENGINES 43-50 OPERATION OF A CLASS 8 TRUCK ON NATURAL GAS DIESEL 51-60 ELECTRIC COMPETITION VEHICLE 75-83.SP-876 |
| 9 (RLIN) | 74212 |
| 942 ## - ADDED ENTRY ELEMENTS (KOHA) | |
| Koha item type | Book |
| Source of classification or shelving scheme | |
| Withdrawn status | Lost status | Damaged status | Not for loan | Permanent Location | Current Location | Shelving location | Date acquired | Total Checkouts | Full call number | Barcode | Date last seen | Price effective from | Koha item type |
|---|---|---|---|---|---|---|---|---|---|---|---|---|---|
| College of Electrical & Mechanical Engineering (CEME) | College of Electrical & Mechanical Engineering (CEME) | General Stacks | 05/02/2017 | 629.2-SAE ALT | CEME-27332 | 06/28/2021 | 06/28/2021 | Book | |||||
| College of Electrical & Mechanical Engineering (CEME) | College of Electrical & Mechanical Engineering (CEME) | General Stacks | 05/02/2017 | 629.2-SAE ALT | CEME-30842 | 06/28/2021 | 06/28/2021 | Book | |||||
| College of Electrical & Mechanical Engineering (CEME) | College of Electrical & Mechanical Engineering (CEME) | General Stacks | 05/02/2017 | 629.2-SAE ALT | CEME-28028 | 06/28/2021 | 06/28/2021 | Book |
